Les titres musicaux n°1 en France en 2016 - Statistiques

Statistiques générales
  • Ce quiz a été pris 191 fois
  • Le résultat moyen est 16 sur 33
Statistiques - réponses
Titre Interprète % Correct
Hello Adèle
96%
Amnésia Jul
91%
Tchikita Jul
91%
Work Rihanna, Drake
89%
Cheap Thrills Sia, Sean Paul
78%
24k Magic Bruno Mars
74%
Starboy The Weeknd, Daft Punk
69%
Can't stop the feeling! Justin Timberlake
67%
Naha PNL
65%
Onizuka PNL
65%
Let me love you DJ Snake, Justin Bieber
64%
Toujours debout Renaud
62%
Encore un soir Céline Dion
60%
One dance Drake, Wizkid & Kyla
60%
E.L.E.P.H.A.N.T Booba
57%
DKR Booba
57%
Faded Alan Walker, Iselin Solheim
52%
This one's for you David Guetta, Zara Larsson
45%
Squa Nekfeu
40%
Mauvaise graine Nekfeu
40%
Purple Rain Prince,The Revolution
38%
Le lac Julien Doré
35%
Lost on you LP
31%
Come Jain
30%
Don't be so shy Imany
20%
Space Oddity David Bowie
17%
This girl Kungs, Cookin'On 3 Burners, Kylie Auldist
17%
Perfect Illusion Lady Gaga
16%
Hallelujah Leonard Cohen
10%
Catch and Release Matt Simons
8%
Hundred Miles Yall, Gabriela Richardson
8%
City of love Mylène Farmer
4%
Hearbeat Richard Orlinski, Eva Simons
1%
Aucun quiz correspondant
Distribution des résultats
% des personnes avec chaque résultat
Percentile par nombre de réponses
Votre historique - résultats
Vous n’avez pas pris ce quiz